SAS and R data management statistical analysis and graphics (Record no. 705)

MARC details
000 -LEADER
fixed length control field 00550 a2200193 4500
001 - CONTROL NUMBER
control field 066690
003 - CONTROL NUMBER IDENTIFIER
control field OSt
005 - DATE AND TIME OF LATEST TRANSACTION
control field 20211006110545.0
008 - FIXED-LENGTH DATA ELEMENTS--GENERAL INFORMATION
fixed length control field
020 ## - INTERNATIONAL STANDARD BOOK NUMBER
International Standard Book Number 9781420070576
082 ## - DEWEY DECIMAL CLASSIFICATION NUMBER
Classification number 005.3
Item number H78S
100 1# - MAIN ENTRY--PERSONAL NAME
Personal name Kleinman, Ken
245 1# - TITLE STATEMENT
Title SAS and R data management statistical analysis and graphics
Statement of responsibility, etc by Ken Kleinman and Nicholas J. Horton
260 ## - PUBLICATION, DISTRIBUTION, ETC. (IMPRINT)
Place of publication, distribution, etc New York
Name of publisher, distributor, etc CRC Press
Date of publication, distribution, etc 2010
300 ## - PHYSICAL DESCRIPTION
Extent xix; 323p.
690 ## - LOCAL SUBJECT ADDED ENTRY--TOPICAL TERM (OCLC, RLIN)
Topical term or geographic name as entry element Statistical analysis; Statistics
700 ## - ADDED ENTRY--PERSONAL NAME
Personal name Horton, Nicholas J.
942 ## - ADDED ENTRY ELEMENTS (KOHA)
Source of classification or shelving scheme Dewey Decimal Classification
Koha item type Books
Holdings
Withdrawn status Lost status Source of classification or shelving scheme Damaged status Not for loan Collection code Home library Current library Date acquired Source of acquisition Cost, normal purchase price Full call number Barcode Date last seen Price effective from Koha item type
    Dewey Decimal Classification     General Text Book Central University Of Rajasthan Central University Of Rajasthan 07/03/2012 STT 3042.00 005.3 H78S 976 21/11/2024 02/09/2020 Books